Peatlands : (Record no. 11608)

000 -LEADER
fixed length control field 00910cam a2200253Ka 4500
020 ## - INTERNATIONAL STANDARD BOOK NUMBER
ISBN 9789251073025
020 ## - INTERNATIONAL STANDARD BOOK NUMBER
ISBN 9251073023
040 ## - CATALOGING SOURCE
Transcribing agency LGG
082 ## - DEWEY DECIMAL CLASSIFICATION NUMBER
Classification number 333 FOO 2012 A016 Or.
245 00 - TITLE STATEMENT
Title Peatlands :
Remainder of title guidance for climate change mitigation through conservation, rehabilitation and sustainable use /
250 ## - EDITION STATEMENT
Edition statement 2nd ed.
260 ## - PUBLICATION, DISTRIBUTION, ETC. (IMPRINT)
Place of publication [Rome] :
Name of publisher Food and Agriculture Organization of the United Nations and Wetlands International,
Year of publication 2012.
300 ## - PHYSICAL DESCRIPTION
Number of Pages [12], 100 p. :
Other physical details col. ill., col. maps ;
Dimensions 30 cm.
490 1# - SERIES STATEMENT
Series statement Mitigation of climate change in agriculture series ;
650 #0 - SUBJECT ADDED ENTRY--TOPICAL TERM
Topical Term Peatlands.
650 #0 - SUBJECT ADDED ENTRY--TOPICAL TERM
Topical Term Peatland conservation.
650 #0 - SUBJECT ADDED ENTRY--TOPICAL TERM
Topical Term Peatland ecology.
700 1# - ADDED ENTRY--PERSONAL NAME
Personal name Tapio-Bistr�om, Marja-Liisa.
700 1# - ADDED ENTRY--PERSONAL NAME
Personal name Joosten, Hans.
700 1# - ADDED ENTRY--PERSONAL NAME
Personal name Tol, Susanna.
710 2# - ADDED ENTRY--CORPORATE NAME
Corporate name or jurisdiction name as entry element Food and Agriculture Organization of the United Nations.
710 2# - ADDED ENTRY--CORPORATE NAME
Corporate name or jurisdiction name as entry element Wetlands International.
942 ## - ADDED ENTRY ELEMENTS (KOHA)
Koha item type សៀវភៅភាសាអង់គ្លេស
952 ## - LOCATION AND ITEM INFORMATION (KOHA)
Withdrawn status [LOCAL, KOHA] 0
Holdings
Permanent Location Date acquired Koha item type Lost status Shelving location Barcode Current Location Full call number
Library Block A2017-08-04សៀវភៅភាសាអង់គ្លេស A016RUA059913Library Block A333 FOO 2012 A016 Or.
មជ្ឈមណ្ឌលឯការនៃសាកលវិទ្យាល័យភូមិន្ទកសិកម្មចំការដូង

Powered by Koha